000 00908nam a2200205 a 4500
008 120416s0000 xx |||||||||||||| || u
020 _a043545255x
050 _aHF 5030 Nee
100 _aNeedham, Dave
245 1 0 _aAdvanced business
250 _a2nd ed.
350 _a0.00
650 0 _aMANAGEMENT
650 0 _aBUSINESS
650 _aIndustrial management - United States
650 _aBUSINESS ENTERPRISES--UNITED STATES
995 _aMAIN LIBRARY OPEN ACCESS
_D0.00
_e026127
_FCBU-MAIN LIBRARY (Kitwe)
_H2
_I15.95
_jHF 5030 Nee
_ULOST
_y026127
_ZMain Library Open Access Collection
995 _aMAIN LIBRARY OPEN ACCESS
_D0.00
_e730595
_FCBU-MAIN LIBRARY (Kitwe)
_H1
_I15.95
_jHF 5030 Nee
_M3
_UAVAILABLE
_y027511
_ZMain Library Open Access Collection
995 _aMAIN LIBRARY OPEN ACCESS
_D0.00
_e026442
_FCBU-MAIN LIBRARY (Kitwe)
_H3
_I15.95
_jHF 5030 Nee
_UAVAILABLE
_y026442
_ZMain Library Open Access Collection
999 _c83690
_d83690